PLANTS yielding non-seed carbohydrates

Bibliographic Details
Other Authors: Flach, Rumawas
Format: Book
Published: Bogor, Indonesia : PROSEA , 1996
Series:Plant resources of South-East Asia ; n. 9
Subjects:

MARC

LEADER 00000cam a2200000 7i4500
001 0000001022
005 20011023.0
020 0 0 |a 9798316304 
090 0 0 |a R580   |b PLA 1996 
245 0 0 |a PLANTS yielding non-seed carbohydrates   |c editors, M. Flach and F. Rumawas 
260 0 0 |a Bogor, Indonesia :   |b PROSEA ,   |c 1996 
300 |a 237 p. :   |b ill., map ;   |c 26 cm. 
440 0 0 |a Plant resources of South-East Asia ; n. 9 
500 0 0 |a Bibliography : [p. 191-197] and index 
650 0 0 |a Botany, Economic   |z Asia, Southeastern 
650 0 0 |a Plants 
700 0 1 |a Flach   |h M. 
700 0 1 |a Rumawas   |h F. 
998 |a JPSM 
999 |a 0000002552   |b Monograph   |c Reference   |e Default branch